000 00852nam a2200277 a 4500
001 000010146
003 DO-SdBNP
005 20240412074215.0
007 ta
008 091005s2004 dr 001 0 spa d
020 _a9993479268
040 _aDO-SdBNP
_bspa
_cBNPHU
082 4 _aRD861.42
_bG934a
_222
100 1 _aGuerrero Pou, Wenceslao
_d1924-
_925140
245 1 0 _aAlzo la falda de la noche y miro /
_cWenceslao Guerrero Pou.
260 _aSanto Domingo :
_bBúho,
_c2004.
300 _a89 p. ;
_c23 cm.
490 1 _aEl pez rojo
500 _aIncluye datos biográficos del autor en la solapa de la contracubierta.
590 _aInventariado, 2018/VM
650 0 _aPoesía dominicana
_966
650 0 _aLiteratura dominicana.
_967
830 0 _aEl pez rojo
_925141
910 _aValidado. Control de calidad MMOLINA
942 _2ddc
_cLBS1
999 _c9905
_d9905